| 000 | 00839nam a2200301 a 4500 | ||
|---|---|---|---|
| 003 | AR-BaBNM | ||
| 005 | 20251128210325.0 | ||
| 008 | 082120s2002 ||||||||||||||000 | spa|| | ||
| 040 | _cAR-BaBNM | ||
| 100 | 1 | _aRamallo, Jorge María | |
| 245 | 0 | 0 | _aLos ciclos históricos argentinos |
| 260 |
_aBuenos Aires _bFundación Nuestra Historia _c1999 |
||
| 300 | _a50 p. | ||
| 490 | 0 |
_aCuadernos _vv. 4 |
|
| 504 | _aBibliografía para consultar p. 48-50 | ||
| 650 | 4 | _aHISTORIA ARGENTINA | |
| 650 | 4 | _aHISTORIA SOCIAL | |
| 650 | 4 | _aHISTORIA CULTURAL | |
| 650 | 4 | _aPERIODO HISPANICO | |
| 650 | 4 | _aPERIODO INDEPENDIENTE | |
| 650 | 4 | _aANARQUIA DE 1820 | |
| 650 | 4 | _aROSAS Y SU TIEMPO | |
| 650 | 4 | _aORGANIZACION NACIONAL | |
| 650 | 4 | _aGENERACION DE 1880 | |
| 650 | 4 | _aPRESIDENCIAS ARGENTINAS | |
| 942 | _cBK | ||
| 998 | _cMariana | ||
| 999 |
_c14955 _d14955 |
||